| 000 | 00921nam a2200241 i 4500 | ||
|---|---|---|---|
| 001 | 182626 | ||
| 003 | ES-MaACL | ||
| 005 | 20231026160711.0 | ||
| 008 | 131007s1999 gw |||| | ger d | ||
| 020 | _a3-8290-2862-8 | ||
| 100 | 1 |
_aFox, Robert. _952028 |
|
| 245 | 1 | 0 |
_aLiners _b: the golden age = die groBe Zeit der Ozeanriesen = l'âge d'or des paquebots / _ctext by Robert Fox ; consultant Clive Harvey ; picture research by Alex Linghorn. |
| 260 |
_aKöln : _bKönemann, _c1999. |
||
| 300 |
_a351 p. : _bprincipalmente il. ; _c26 cn. |
||
| 500 | _aTextos en inglés, alemán y francés. | ||
| 650 | 4 |
_aTransatlánticos- _xHistoria. _9153550 |
|
| 700 | 1 |
_aHarvey, Clive. _9153548 |
|
| 700 | 1 |
_aLinghorn, Alex. _9153549 |
|
| 710 | 2 |
_aThe Hulton Getty Picture Collection. _9153551 |
|
| 852 |
_aES-MaACL _jA-12870 _9189542 _bR.148901 _cDEPO1 _dOlim: N-5870 |
||
| 942 |
_2udc _cMONOGRAFIA |
||
| 999 |
_c182626 _d182626 |
||